Score 0/20 Timer 03:00
2 Plays Today
Movie Missing Word % Correct
Wild Wild ______West
90.3%
The ______ GuruLove
80.7%
______ About SteveAll
78.2%
______ Instinct 2Basic
76.2%
______ Day CampDaddy
75.3%
I Know Who ______ MeKilled
73.1%
Freddy Got ______Fingered
66.2%
Transformers: Revenge of the ______Fallen
55.9%
Battlefield ______Earth
52.9%
______ of the MaskSon
50.8%
Movie Missing Word % Correct
From ______ to KellyJustin
47.4%
Howard the ______Duck
47%
Can't Stop the ______Music
43.7%
The Hottie and the ______Nottie
42.6%
The _______ of Pluto NashAdventures
39.1%
Hudson ______Hawk
31.4%
Mac and ______Me
23%
Leonard ______ 6Part
12.2%
______: The RevengeJaws
11%
______ AwaySwept
8.8%

Today's Daily Dose

Missing Word
Train Books

Word Ladder
Piano Man

Quick Pick
Google Products

Get the Picture
Moana or Coco

Remove Ads.
Support Sporcle.
Get the best of Sporcle when you Go Orange. This ad-free experience offers more features, more stats, and more fun while also helping to support Sporcle. Thank you for becoming a member.

You're not logged in!

Compare scores with friends on all Sporcle quizzes.
OR
Log In

Show Comments

Extras

Top Quizzes Today


Score Distribution

Your Account Isn't Verified!

In order to create a playlist on Sporcle, you need to verify the email address you used during registration. Go to your Sporcle Settings to finish the process.

Report this User

Report this user for behavior that violates our Community Guidelines.

Details: